| 000 | 01069nam a22002297a 4500 | ||
|---|---|---|---|
| 999 |
_c15424 _d15424 |
||
| 003 | AR-CdUCM | ||
| 008 | 190427b ||||| |||| 00| 0 spa d | ||
| 040 |
_aMUNICIPALIDAD PROVINCIAL DEL CUSCO _cBIBLIOTECA MUNICIPAL DEL CUSCO |
||
| 082 |
_a376.4 / _bG17 / 1919 |
||
| 100 |
_aGamarra Hernández, Aurelio M. _934490 |
||
| 245 |
_aDatos Históricos : _bacerca de los establecimientos de segunda enseñanza que actualmente funcionan / |
||
| 260 |
_aPerú : _bImpr. Torres Aguirre, _c1919. |
||
| 300 |
_a720 páginas ; _bretrato, fotografías, _c23.5 cm |
||
| 500 | _aAnexo á la memoria del Ministerio, correspondiente al año 1919. | ||
| 505 | _aContenido: Resumen histórico de la instrucción pública en el Perú -- Colegios Nacionales -- Seminarios Diocesanos -- Colegios particulares por orden de antigüedad dentro de su clasificación ... | ||
| 650 |
_aInstituciones Educativas _934491 |
||
| 650 |
_aHistoria _9136 |
||
| 650 |
_aPerú _935 |
||
| 710 |
_aDirección General de Instrucción Pública. _934492 |
||
| 942 |
_2ddc _cLIBROS |
||
| 945 |
_aachl _d2019-04-27 |
||